Statistiken für PokemontasLP-Zitate

Klicken Sie hier um das Quiz zu spielen!

Allgemein

  • Dieses Quiz wurde 1 mal gespielt
  • Das Durchschnittsergebnis liegt bei 24 aus 69

Antwortstatistiken

HintAntwort% Korrekt
Ok, mach was du willst. Das Wort "neun" kennst du noch nicht.100 Top Spiele
100%
Level 1. Level Complete. *lacht* Das war geil.Action 52 (Sega Genesis)
100%
Ist nichts für Leute mit Höhenangst das Spiel. Alle Welten werden nämlich so aussehen, als ob wir einen ziemlich tiefen Fall vor uns hätten.Ballance
100%
Dieses Video wird Ihnen präsentiert von: Tastaturengeklapper GmbH & Co. KG. Ihr kompetenter Partner für lästiges Tastaturengeklapper während Let's Play-Aufnahmen. Wir wünschen Ihnen viel Vergnügen!Das Spiel zum Sonntag
100%
Der eine springt einfach runter, habt ihr das gesehen? Der ist einfach durch den Boden geglitcht, der Typ.Donkey Kong Country 3
100%
Und das bedeutet im Klartext: Ich habe zu 100% bewiesen, dass dieses Level nicht lösbar ist!Dr. Brain - Der helle Wahnsinn
100%
Der dritte Grund ist, dass ich die Story zu 99,9% durchgeskippt habe, anstatt mich mit ihr zu befassen.Eternal Daughter 2017
100%
Henchbots!Glace
100%
Und das war's mit - oh mein Gott! Oh mein Gott, seht ihr die Anzahl der Gesamttode? 9-11.Jumper
100%
Ich denke, dass durch die interkuliminare Fusionskraft ein temporärer Baritätsdruck entstand, so dass der Schwamm verinös nach vorn estomovierte.Kein Projekt
100%
Ich hab mal 'ne Radkappe gegessen.Kein Projekt
100%
Was ist das für 'n Pups?Kein Projekt
100%
Warum feiern wir Weihnachten? Ah, tss, das hab ich mal gewusst!Kein Projekt
100%
Ich ess jetzt meine Würstchen.Mega Man 4
100%
Ich hab dich endlich gefunden, ja geil, Plut.Mickey Mouse Magic Wand
100%
Wie habe ich bei "Sprengungen" erst SpongeBob gelesen?New Beetle
100%
Hier heißt es: Tap anywhere to play. Und man muss auch wirklich auf anywhere klicken.Quizspiele
100%
Oh mein Gott, es ist genau da, wo man ihn leicht holen kann! NOOOOOOOOO! Ich hab jetzt nicht aus Versehen DEN Stern gegriffen.SM64 Randomizer
100%
Willst du mich jetzt vearschen? Du bist ein richtig krasser Archäologe und bist nicht einmal auf die Idee gekommen, diesen Text rückwärts zu lesen?!StarTropics
100%
Ich teste jetzt aus, ist klar. Nee. Nee. War der Kick jetzt gut?Street Fighter X Mega Man
100%
Dann mach ich das andere auch gleich noch mit, dann hab ich diese scheiß Olivensammlerei wenigstens überstanden.The Battle of Olympus
100%
Es ist Hepatitis B, warum auch immer.The Impossible Quizmas
100%
Formen und Farben belehren wir heute mit dem großartigen POGOGOMONTAMONTASAS!Yoshi's Island
100%
Ey! Scheiße! Scheiße! Was hab ich gemacht? Scheiße! Ähm, Leute das ist jetzt ein Problem. Ich hab aus Versehen mit irgend'ner Taste das Videoformat gerade ruiniert.Zelda The Minish Cap
100%
Wie viele von diesen blöden Soldaten kommen eigentlich noch, die mir im Weg sind? Ihh, die können schießen!Akuji the Demon
0%
*singt* Rapping Star, la la la. Rapping Star, la la la. Du stinkst! Und du auch!Among Us
0%
Ich nenne mich: Pokemopn!Bubble Trouble 2
0%
Ich bin so kurz davor es einfach in den Mülleimer zu schmeißen, ey.Diddy's Kong Quest
0%
Ok, wir halten fest: Wenn die Plattform keinen Saft mehr hat, dann fällt sie runter. Und Diddy ist darüber so erbost, dass er freiwillig in den Tod stürzt.Donkey Kong 1-3 Replay
0%
Und das hat auch einen einfachen Grund. Erst mal: rare Ware.Donkey Kong Country
0%
Eww! Merkwürdige Teufelsfratze! Die fand ich früher total schlimm. Was ich nicht total schlimm fande, und das tue ich immer noch nicht, IST. DIE. MUCKE.DOVE
0%
Ihr seid die Mans! Ja, ich weiß, es heißt Men in der Mehrzahl, aber Mans klingt einfach Manlier.Eternal Daughter
0%
Danke, als Belohnung wirst du von nun an gehatet.FreizeitHater spielt
0%
Hier kannst du plötzlich die Waffe anders verwenden. Also diese Bosskämpfe sind echt merkwürdig.Furry
0%
Achtet mal auf den Hintern ganz rechts. Da zieht sich die Backe immer voll breit zusammen, seht ihr das?Gorilla Simulator
0%
Hey, da stehen sich zwei Robben gegenüber.Hackmons Cup
0%
Oh, hier mit Rainbow Dash eben. *singt* Rainbow Dash! Oh, shit!Happy Wheels
0%
Ja, klar, jetzt noch die Frauen zum Schluss.Icebreaker
0%
Cool, eine Wand!Kein Projekt
0%
Das G steht für Gönnung!Kein Projekt
0%
Mal schauen, was wird.Kein Projekt
0%
Ich fühl mich gleich viel jünger, ich hab acht unglaubliche Finger!Kein Projekt
0%
Pfleg die Nase mit der Bürste, sonst fallen heraus bald Popelwürste!Kein Projekt
0%
2 Jahre, aber jetzt hat sich alles gelohnt.Kein Projekt
0%
Hallo, mein Name ist Helmut.Kein Projekt
0%
Ich kann etwas nicht leiden, wenn es bis zur Unendlichkeit auftaucht. Ich denke ein perfektes Beispiel ist die Fidget Spinner Sache."Let's Laber" Wario Blast
0%
Jetzt haben wir hier Alarmstufe rot würde ich sagen, obwohl wir nicht mehr so viel rot haben in der Herzleiste.Link's Awakening DX
0%
Grüß dich, ich wollt' dir nur "hallo" sagen. Wir haben uns ja lange nicht gesehen.Mega Man 1
0%
Ich kann nicht mal vernünftig essen. Ich hab grad mit dem Messer meine halbe Pizza runtergeschmissen.Mega Man 2
0%
Na, wer hat beim letzten mal vergessen zu speichern, so dass er die letzten vier Sessions nochmal machen durfte?!Mega Man 3
0%
Es fängt genauso an, wie jede andere Stage auch am Anfang. Erst mal völlige Verwirrung, was hier überhaupt Sache ist und ich bekomme von allen aufs Maul.Mega Man 5
0%
Ja, die Lebensenergie möchte ich. Die da auf diesen überhaupt nicht Instant Death-Stacheln liegt.Mega Man 6
0%
Zieh jetzt deine Turbotreter an und ab dafür.Micky auf Ganovenjagd
0%
Bring mich in Sicherheit, Schwester Joy, dort draußen wütet ein Bugungetüm!Pokémon Battle Fire
0%
Oh, du bist ja richtig kreativ mit der Kleie. Ja, wer jetzt weiß, wo ich das her habe, das Zitat, der ist cool.Pokémon Chaos Black
0%
Und nach diesem fulminanten, einminütigen Intro heiße ich euch recht herzlich Willkommen bei meinem ersten öffentlichen Let's Play!Pokémon Flora Sky
0%
Ich seh das nicht ein, dass ich falsch liege. Ich hab gesagt es schlüpft ein Farbeagle und hey: Es ist ein Farbeagle geschlüpft! Wow!Pokémon Gaia
0%
Ja, Wurmy, ich fürchte da musst du jetzt ran, hier.Pokémon Marble
0%
Und hier kann ich auch nichts tun. Oh, doch, ich kann zu so einem hässlichen Baum springen, der mir nichts bringt. Woo, Zeitverschwendung for the win!Pokémon Quartz
0%
Ähm. Das ist eigentlich ein Fall für den Zensierbalken. Und das ist nicht mal ein Witz. Ich meine schaut mal: Wir haben hier ein längliches Objekt und zwei Rundungen.Pokémon Topaz
0%
Außerdem habe ich im Kaufhaus einen Feuerstein gekauft.Pokémon Vega
0%
Darf ich anmerken, dass wir aufgefordert wurden leise zu sein in der Bücherei und wir jetzt einen Kampf austragen in der Bücherei.Pokémon Victory Fire
0%
Das Lustigste ist ja, dass das ein englischsprachiges Spiel ist, also aus den USA stammt. Und die dachten sich so: Joa, wir setzen mal random eine Deutschlandflagge für den Hintergrund hier.Professor Tim
0%
Übrigens denken manche entweder, dass es ein Opa ist oder eine Frau. Es ist beides falsch. Es ist ein Mann mittleren Alters.Quest for Camelot
0%
Er schießt auf eine Zielscheibe. Aber aus irgendeinem unerfindlichen Grund kommt eine mega Windböe an und der Pfeil driftet irgendwo komplett woanders hin. Und der trifft dann irgendeinen Streckenposten und der stirbt.Sketchmaster
0%
Ich hab 'nen Ständer!Skribbl.io
0%
*singt* Ich bin auf einer Weltraumstatiooon, oh yeah! Alles ist so abgespaced hier drin!SM64 Star Road
0%
Nein, Mario, nicht springen! Es gibt noch so viel, wofür es sich zu leben lohnt! Bitte nicht springen, nein! Nein! Oh Gott. Er wollte noch in den Tod kriechen, aber im letzten Moment hat er sich noch dagegen entschieden und einen Rückwärtssalto gemacht. Gott sei dank.Super Mario 64
0%
Hallo, Plattform. PLATTFORM, bist du beschissen oder was? Komm her!Super Mario World
0%

Verteilung der Resultate

Perzentil nach korrekt beantworteten Fragen

Anzahl Personen mit jedem Resultat

Ihre Resultats-Entwicklung

Sie haben dieses Quiz noch nicht gespielt